Library Banner

Cost-benefit analysis (Record no. 30159)

MARC details
000 -LEADER
fixed length control field 00534nam a2200205Ia 4500
001 - CONTROL NUMBER
control field 30032
003 - CONTROL NUMBER IDENTIFIER
control field PK-LaUMT
005 - DATE AND TIME OF LATEST TRANSACTION
control field 20221004142246.0
008 - FIXED-LENGTH DATA ELEMENTS--GENERAL INFORMATION
fixed length control field 140416s9999 xx 000 0 und d
020 ## - INTERNATIONAL STANDARD BOOK NUMBER
International Standard Book Number 0-8018-3068-0
040 ## - CATALOGING SOURCE
Transcribing agency PK-LaUMT
082 ## - DEWEY DECIMAL CLASSIFICATION NUMBER
Classification number W 658.1554
Item number RAY-C
100 ## - MAIN ENTRY--PERSONAL NAME
Personal name Anandarup Ray
245 ## - TITLE STATEMENT
Title Cost-benefit analysis
Remainder of title issues and methodologies
Statement of responsibility, etc Anandarup Ray
260 ## - PUBLICATION, DISTRIBUTION, ETC. (IMPRINT)
Place of publication, distribution, etc Washington,USA:
Name of publisher, distributor, etc World Bank,
Date of publication, distribution, etc 1984
300 ## - PHYSICAL DESCRIPTION
Extent 158 p.
546 ## - LANGUAGE NOTE
Language note EN
650 ## - SUBJECT ADDED ENTRY--TOPICAL TERM
Topical term or geographic name as entry element Cost effectiveness
942 ## - ADDED ENTRY ELEMENTS (KOHA)
Koha item type Permanently weeded out collection
Source of classification or shelving scheme Dewey Decimal Classification
Holdings
Withdrawn status Lost status Damaged status Not for loan Home library Current library Date acquired Total Checkouts Full call number Barcode Date last seen Price effective from Koha item type
        UMT Main Campus UMT Main Campus 2014-04-16   W 658.1554 RAY-C 37132 2014-05-03 2014-05-03 Books